Snyder Timothy D., Bloodlands : Europe between Hitler and Stalin, New York, Basic Books, 2010 ; trad. fr., id., Terres de sang : l’Europe entre Hitler et Staline, trad. de l’angl. par Pierre-Emmanuel Dauzat, Paris, Gallimard, 2012, 707 p., 32 € (notice n° 1781616)
[ vue normale ]
| 000 -LEADER | |
|---|---|
| fixed length control field | 00712cam a2200145 4500500 |
| 005 - DATE AND TIME OF LATEST TRANSACTION | |
| control field | 20260322013537.0 |
| 041 ## - LANGUAGE CODE | |
| Language code of text/sound track or separate title | fre |
| 042 ## - AUTHENTICATION CODE | |
| Authentication code | dc |
| 100 10 - MAIN ENTRY--PERSONAL NAME | |
| Personal name | Denis, Teulières |
| Relator term | author |
| 245 00 - TITLE STATEMENT | |
| Title | Snyder Timothy D., Bloodlands : Europe between Hitler and Stalin, New York, Basic Books, 2010 ; trad. fr., id., Terres de sang : l’Europe entre Hitler et Staline, trad. de l’angl. par Pierre-Emmanuel Dauzat, Paris, Gallimard, 2012, 707 p., 32 € |
| 260 ## - PUBLICATION, DISTRIBUTION, ETC. | |
| Date of publication, distribution, etc. | 2015.<br/> |
| 500 ## - GENERAL NOTE | |
| General note | 6 |
| 786 0# - DATA SOURCE ENTRY | |
| Note | Vingtième Siècle. Revue d'histoire | 129 | 1 | 2015-12-17 | p. IX-IX | 0294-1759 |
| 856 41 - ELECTRONIC LOCATION AND ACCESS | |
| Uniform Resource Identifier | <a href="https://shs.cairn.info/revue-vingtieme-siecle-revue-d-histoire-2016-1-page-IX?lang=fr&redirect-ssocas=7080">https://shs.cairn.info/revue-vingtieme-siecle-revue-d-histoire-2016-1-page-IX?lang=fr&redirect-ssocas=7080</a> |
Pas d'exemplaire disponible.




Réseaux sociaux